02040cam a2200373 a 450000100100000000500170001000800410002702000150006804000200008304100380010308200200014110000380016124000450019924501530024426000520039730000180044949000160046750400530048350503020053650502030083853400660104165000350110765000310114265000340117365000340120765000490124170000420129083000260133291000280135891000070138695201290139395201290152299900150165100000425320200929151422.0810924s1987 ag b 001 0 spa  a950180089x aDO-SdBNPdBNPHU17aspaheng2Código de idioma MARC a813.5409bK184n1 aKarl, Frederick R.,d1927-91257010aAmerican fictions, 1940-1980.lEspañol10aNarrativa norteamericana, (1940-1980) :bla novela, el cuento, la novela no ficticia /cFrederick R. Karl ; traducción de Alejandra Guibert Riera. aBuenos Aires, Argentina :bTres Tiempos,c1987. a2 v ;c30 cm.1 aEnsayosv43 aIncluye referencias bibliográficas e índice.2 av. 1. Temas y subtemas. El espacio y lo espacial en Estados Unidos. La persistencia de lo pastoral. La guerra y la novela : antes y después. Crecer en los Estados Unidos: los años 40 y de allí en en adelante. La década de la imitación. La novela política: de los años 50 en adelante.2 av. 2. Los años 60: la mujer que grito yo soy. Las posibilidades del minimalismo. La experiencia de la mujer. Los años 70: donde estamos. La novela no ficticia. Quienes somos y hacia donde vamos. pTítulo original en inglés:tAmerican fictions, 1940-1980. 4aLiteratura estadounidense9263 4aNovela estadounidense9262 4aCuentos estadounidense910646 4aEnsayos estadounidenses99895 4aNovela de ciencia ficción americana9125711 aGuibert Riera, Alejandra,etr.912572 0aEnsayos ;v43.911110 aCatalogación derivada aWM 001052708MOaGRbGRcHDd2009-07-20iLF1l0o813.5409 K184n | v.1p4253-10r2020-06-25w2020-06-25y2ZPréstamo interno 001052708MOaGRbGRcHDd2009-07-20iLF1l0o813.5409 K184n | v.2p4253-20r2020-06-25w2020-06-25y2ZPréstamo interno c4067d4067